000
00307nam a22001337a 4500
003
SGT
020
_a
9789354600333
082
_a
005.7
_b
THA
100
_a
THAREJA REEMA
245
_a
DATA SCIENCE AND MACHINE LEARNING WITH R
260
_a
CHENNAI
_b
MC GRAW HILL
_c
2021
300
_a
472
942
_2
ddc
_c
BK
_0
6
999
_c
25209
_d
25209